LEADER 00951nam a2200193 i 4500 001 000000170496 003 CaOOAMICUS 005 20080328000000.0 008 080328s1946 it u000 u ita u 013 $a147907 040 $aSeMil$bita 100 1 $aSorrento, Luigi,$d<1884-1953>.$0(OLS)http://semarc/name/6575 245 13$aIl Proemio del marchese di Santillana :$bintroduzione, testo, note critiche e indice storico-letterario. Appendice: forme varie di poesia dal "Concionero" /$cLuigi Sorrento. 260 $aComo :$bMarzorati,$c1946. 300 $a136 p. ;$c18 cm. 850 $aSeMil 852 $aSeMil$W1$xVenegono$y1$m1V II 67$j121380$B121380$CSeMilBibl$Z2$F132749 $81 996 $6245$aIl Proemio del marchese di Santillana :$bintroduzione, testo, note critiche e indice storico-letterario. Appendice: forme varie di poesia dal "Concionero"$9(OLS)http://semarc/title/243857 996 $6260$aComo :$bMarzorati$9(OLS)http://semarc/publisher/35391 LEADER 01069nas a2200193 i 4500 001 000000252988 003 CaOOAMICUS 005 20170216000000.0 008 170216b1860 it uu u0 0ita r 013 $a231893 040 $aSeMil$bita 245 10$aRendiconto per l'anno 1859 della Commissione promovitrice della educazione dei sordo-muti nella provincia di Milano. 260 $aMilano :$bDitta Boniardi-Pogliani di Ermenegildo Besozzi,$c1860. 300 $aVI, 162 p. ;$c25 cm. 773 0 $tRendiconto per l'anno ... della Commissione promovitrice la educazione dei sordo-muti nella provincia di Milano.$dMilano : Ditta Boniardi-Pogliani di Ermenegildo Besozzi, 1854-1865.$w()2729 850 $aSeMil 852 $aSeMil$W1$xVenegono$y1$m3R III 6 FA$j203334$B203334$CSeMilBibl$Z2$F216066 $8I 996 $6245$aRendiconto per l'anno 1859 della Commissione promovitrice della educazione dei sordo-muti nella provincia di Milano$9(OLS)http://semarc/title/410306 996 $6260$aMilano :$bDitta Boniardi-Pogliani di Ermenegildo Besozzi$9(OLS)http://semarc/publisher/33999